The adjudication ambush (Record no. 74234)
[ view plain ]
| 000 -LEADER | |
|---|---|
| fixed length control field | 01633cab a2200217 4500 |
| 001 - CONTROL NUMBER | |
| control field | ABS67513 |
| 008 - FIXED-LENGTH DATA ELEMENTS--GENERAL INFORMATION | |
| fixed length control field | 040304n2004 000 0 eng u |
| 035 ## - SYSTEM CONTROL NUMBER | |
| System control number | (Sirsi) u125327 |
| 100 ## - MAIN ENTRY--PERSONAL NAME | |
| Personal name | Brewer, G. |
| 245 #4 - TITLE STATEMENT | |
| Title | The adjudication ambush |
| 260 ## - PUBLICATION, DISTRIBUTION, ETC. | |
| Date of publication, distribution, etc. | 2004 |
| 490 ## - SERIES STATEMENT | |
| Series statement | Contract Journal |
| Volume/sequential designation | 421(6458) 14 January 2004, 22(1) |
| 520 ## - SUMMARY, ETC. | |
| Summary, etc. | Looks at issues raised in "London and Amsterdam Properties Ltd v Waterman Partnership Ltd" ([2003] EWHC 3059 (TCC), [2004 BLR 179-205(26). The defendant W was an engineering company retained by claimant L on a large development project. L claimed W had caused critical delays to the project by failing to release design information by set dates. W denied liability. L served notice to seek adjudication. W submitted that the adjudicator's decision should not be enforced for various reasons, including that W had been ambushed and there was procedural unfairness in L's late reliance on significant new material, which it had failed to supply to W before the referral. Enforcement of the adjudicator's decision was refused on the grounds that it was a breach of natural justice as W had not had time to take into account the fresh documentation. |
| 590 ## - LOCAL NOTE (RLIN) | |
| Local note | ABS |
| 650 ## - SUBJECT ADDED ENTRY--TOPICAL TERM | |
| Topical term or geographic name entry element | MANAGEMENT-DISPUTE AVOIDANCE, MANAGEMENT AND RESOLUTION-DISPUTE MANAGEMENT AND RESOLUTION-ALTERNATIVE DISPUTE RESOLUTION-ADJUDICATION |
| 650 ## - SUBJECT ADDED ENTRY--TOPICAL TERM | |
| Topical term or geographic name entry element | LONDON AND AMSTERDAM PROPERTIES LTD V WATERMAN PARTNERSHIP LTD |
| 650 ## - SUBJECT ADDED ENTRY--TOPICAL TERM | |
| Topical term or geographic name entry element | BREACHES OF NATURAL JUSTICE |
| 650 ## - SUBJECT ADDED ENTRY--TOPICAL TERM | |
| Topical term or geographic name entry element | CONSTRUCTION DISPUTES |
| 690 ## - LOCAL SUBJECT ADDED ENTRY--TOPICAL TERM (OCLC, RLIN) | |
| Topical term or geographic name as entry element | MANGEMENT-DISPUTE AVOIDANCE, MANAGEMENT AND RESOLUTION-DISPUTE MANAGEMENT AND RESOLUTION |
| 942 ## - ADDED ENTRY ELEMENTS (KOHA) | |
| Suppress in OPAC | 0 |
| Withdrawn status | Lost status | Source of classification or shelving scheme | Damaged status | Not for loan | Home library | Current library | Shelving location | Date acquired | Total Checkouts | Full call number | Barcode | Date last seen | Copy number | Price effective from | Koha item type |
|---|---|---|---|---|---|---|---|---|---|---|---|---|---|---|---|
| Dewey Decimal Classification | London | London | Journal article | 04/03/2004 | ABS67513 | 125327-1001 | 06/08/2019 | 1 | 06/08/2019 | Journal article |